[Event "World ol U16"]
[Site "Eindhoven"]
[Date "2023.08.16"]
[Round "6.24"]
[White "Fan, Chloe"]
[Black "Sun, Chang Jyu"]
[Result "1-0"]
[WhiteElo "1782"]
[BlackElo "1276"]
[PlyCount "47"]
[EventDate "2023.08.13"]
[EventType "team-swiss"]
[EventRounds "9"]
[EventCountry "NED"]
[SourceTitle "CBM 215 Extra"]
[Source "ChessBase"]
[SourceDate "2023.09.30"]
[SourceVersion "1"]
[SourceVersionDate "2023.09.30"]
[SourceQuality "1"]
[WhiteTeam "Australia II"]
[BlackTeam "Chinese Taipei"]
[WhiteTeamCountry "AUS"]
[BlackTeamCountry "TPE"]

1. e4 c6 2. d4 d5 3. exd5 cxd5 4. Bd3 Nc6 5. c3 g6 6. Bf4 Bh6 7. Bxh6 Nxh6 8. h3 Bf5 9. g4 Bxd3 10. Qxd3 0-0 11. Qe3 Kg7 12. Nf3 f6 13. Nbd2 Re8 14. Qe6 Qc8 15. Qxd5 e5 16. 0-0 Nxg4 17. hxg4 Qxg4+ 18. Kh1 exd4 19. Rg1 Qf4 20. Rae1 Rxe1 21. Rxe1 dxc3 22. Qd7+ Kh6 23. Re4 Qxe4 24. Nxe4 1-0